Xρονικό '73 : Καλλιτεχνική πνευματική ζωή

Αποθηκεύτηκε σε:
Λεπτομέρειες βιβλιογραφικής εγγραφής
Συγγραφή απο Οργανισμό/Αρχή: Καλλιτεχνικό Πνευματικό Κέντρο Ωρα (Επιμελητής έκδοσης)
Μορφή: Βιβλίο
Γλώσσα:Greek
Δημοσίευση: Αθήνα : Καλλιτεχνικό Πνευματικό Κέντρο Ώρα, 1973
Θέματα:
Ετικέτες: Προσθήκη ετικέτας
Δεν υπάρχουν, Καταχωρήστε ετικέτα πρώτοι!

MARC

LEADER 00000nam a2200000 i 4500
001 1/67287
008 071212s1973 gre d
035 |l 10093029 
040 |a GR-MY-UA  |b gre  |e aacr 
041 0 |a gre 
082 0 |a 700.1  |2 (22) 
245 1 0 |a Xρονικό '73 :  |b Καλλιτεχνική πνευματική ζωή /  |c Καλλιτεχνικό Πνευματικό Κέντρο Ώρα 
260 |a Αθήνα :   |b Καλλιτεχνικό Πνευματικό Κέντρο Ώρα,   |c 1973 
300 |a 352 σ.;  |b εικ.;  |c 29 εκ. 
650 0 0 |a Arts, Modern  |y 20th century. 
710 2 |a Καλλιτεχνικό Πνευματικό Κέντρο Ωρα.  |4 edt 
852 |a INST  |b CHIOS  |e 20071212  |h 700.1 XPO  |p 005200028087  |q 005200028087  |t BK  |y 0 
901 |a BIBL2-2007-3 
909 |a Χ  |b 131570 
920 |y ΧΙΟΣ  |z [199-] 
970 |a ΒΑΡΦΗΣ  |b ΒΑΓΓΕΛΗΣ  |z 2007/12/12